Los secretos del Profesor Rossa en un mundo terrestre

Saved in:
Bibliografiske detaljer
Hovedforfatter: Arenas, Iván (Author)
Format: Bog
Sprog:spansk
Udgivet: Santiago Salo 1994
Serier:Colección Los Secretos del Profesor Rossa
Fag:
Tags: Tilføj Tag
Ingen Tags, Vær først til at tagge denne postø!

MARC

LEADER 00000nam a2200000 a 4500
001 UCO7690
003 CL-VaPUC
008 001117e19940000CL |||||||||||||||||spa|d
082 0 4 |a 372.357  |b ARE  |2 21 
100 0 |a Arenas, Iván  |e author  |9 452345 
245 1 4 |a Los secretos del Profesor Rossa en un mundo terrestre 
300 |a pág. irreg 
942 |c BK 
945 |d 20001117 00:00:00  |a rbrito 
260 |a Santiago  |b Salo  |c 1994 
650 0 |a Educación ambiental  |9 262920 
650 0 |a Zoología  |9 261613 
650 0 |a Animales salvajes   |9 370432 
650 0 |a Vida animal  |9 336213 
650 7 |a ECOLOGIA ANIMAL  |2 CL-VaPUC  |9 452346 
583 |a last modification  |c 20170830 11:35:29  |k Rodrigo Vera 
490 0 |a Colección Los Secretos del Profesor Rossa 
999 |c 292573  |d 292571 
952 |0 0  |1 0  |4 0  |6 372_357000000000000_ARE_1994  |7 0  |8 P  |9 343512  |a BIBEDU  |b BIBEDU  |c BIBEDU_PB  |d 2019-11-20  |i 3648079  |o 372.357 ARE 1994  |p 3648079  |r 2024-01-25  |w 2019-11-20  |y BK  |k BME